Основы диагностики и частной патологии печени, селезенки и желчевыводящей системы (Запись № 1313614)

Подробности
000 -МАРКЕР
контрольное поле 02126nam1a2200385 i 4500
001 - ИДЕНТИФИКАТОР ЗАПИСИ
контрольное поле RU\NLR\bibl\532144
005 - ИДЕНТИФИКАТОР ВЕРСИИ
контрольное поле 20260406111212.0
035 ## - ДРУГИЕ СИСТЕМНЫЕ НОМЕРА
Идентификатор записи (NLR Aleph) 000524441
100 ## - ДАННЫЕ ОБЩЕЙ ОБРАБОТКИ
Данные общей обработки 20040622g20049999u y0rusy50 ca
101 0# - ЯЗЫК РЕСУРСА
Язык текста, звукозаписи и т.д. русский
102 ## - СТРАНА ПУБЛИКАЦИИ ИЛИ ПРОИЗВОДСТВА
Страна публикации Российская Федерация
105 ## - ПОЛЕ КОДИРОВАННЫХ ДАННЫХ: ТЕКСТОВЫЕ МАТЕРИАЛЫ, МОНОГРАФИЧЕСКИЕ
Кодированные данные о монографическом текстовом документе ||||z |||||
200 1# - ЗАГЛАВИЕ И СВЕДЕНИЯ ОБ ОТВЕТСТВЕННОСТИ
Основное заглавие Основы диагностики и частной патологии печени, селезенки и желчевыводящей системы
Сведения, относящиеся к заглавию Для студентов-медиков III курса спец. "Лечеб. дело", "Стоматология"
-- Рабочая тетр.
Первые сведения об ответственности Ж.Д. Кобалава, Л.Г. Ежова
210 ## - ПУБЛИКАЦИЯ, РАСПРОСТРАНЕНИЕ И ДР.
Место издания, распространения и т.д. М.
Имя издателя, распространителя и т. д. Изд-во РУДН
Дата издания, распространения и т.д. 2004
215 ## - ФИЗИЧЕСКАЯ ХАРАКТЕРИСТИКА
Размеры 21
463 #0 - УРОВЕНЬ ФИЗИЧЕСКОЙ ЕДИНИЦЫ
Встроенное поле 001521314
606 ## - НАИМЕНОВАНИЕ ТЕМЫ КАК ПРЕДМЕТ
Наименование темы Печень
Формальный подзаголовок Руководства, пособия и т.п.
Тематический подзаголовок Болезни
Системный номер авторитетной/нормативной записи 923276
Идентификатор авторитетной/нормативной записи RU\NLR\auth\6619969
606 ## - НАИМЕНОВАНИЕ ТЕМЫ КАК ПРЕДМЕТ
Наименование темы Печень
Формальный подзаголовок Учебные издания для высших учебных заведений
Тематический подзаголовок Болезни
Системный номер авторитетной/нормативной записи 923276
Идентификатор авторитетной/нормативной записи RU\NLR\auth\6619969
606 0# - НАИМЕНОВАНИЕ ТЕМЫ КАК ПРЕДМЕТ
Наименование темы Желчные пути
Формальный подзаголовок Руководства, пособия и т.п.
Тематический подзаголовок Болезни
Системный номер авторитетной/нормативной записи 957666
Идентификатор авторитетной/нормативной записи RU\NLR\auth\6638218
606 0# - НАИМЕНОВАНИЕ ТЕМЫ КАК ПРЕДМЕТ
Наименование темы Желчные пути
Формальный подзаголовок Учебные издания для высших учебных заведений
Тематический подзаголовок Болезни
Системный номер авторитетной/нормативной записи 957666
Идентификатор авторитетной/нормативной записи RU\NLR\auth\6638218
606 0# - НАИМЕНОВАНИЕ ТЕМЫ КАК ПРЕДМЕТ
Наименование темы Селезенка
Формальный подзаголовок Руководства, пособия и т.п.
Тематический подзаголовок Болезни
Системный номер авторитетной/нормативной записи 990111
Идентификатор авторитетной/нормативной записи RU\NLR\auth\6655924
606 0# - НАИМЕНОВАНИЕ ТЕМЫ КАК ПРЕДМЕТ
Наименование темы Селезенка
Формальный подзаголовок Учебные издания для высших учебных заведений
Тематический подзаголовок Болезни
Системный номер авторитетной/нормативной записи 990111
Идентификатор авторитетной/нормативной записи RU\NLR\auth\6655924
686 ## - ИНДЕКСЫ ДРУГИХ КЛАССИФИКАЦИЙ
Индекс Р413.51я73-5
686 ## - ИНДЕКСЫ ДРУГИХ КЛАССИФИКАЦИЙ
Индекс Р457.465.352я73-5
686 ## - ИНДЕКСЫ ДРУГИХ КЛАССИФИКАЦИЙ
Индекс Р411.8я73-5
700 #1 - ИМЯ ЛИЦА - ПЕРВИЧНАЯ ОТВЕТСТВЕННОСТЬ
Код отношения Автор
Графика поля Кириллица
Материалы, к которым относится поле rus
Начальный элемент ввода Кобалава
Часть имени, кроме начального элемента ввода Ж. Д.
Даты 1958-
Расширение инициалов личного имени Жанна Давидовна
Идентификатор авторитетной/нормативной записи RU\NLR\auth\77118835
Системный номер авторитетной/нормативной записи 101760
701 #1 - ИМЯ ЛИЦА - АЛЬТЕРНАТИВНАЯ ОТВЕТСТВЕННОСТЬ
Начальный элемент ввода Ежова
Часть имени, кроме начального элемента ввода Л. Г.
Расширение инициалов личного имени Людмила Георгиевна
Код отношения Автор
801 #0 - ИСТОЧНИК ЗАПИСИ
Страна Российская Федерация
Организация NLR
Дата составления 20040622
Правила каталогизации PSBO
801 #1 - ИСТОЧНИК ЗАПИСИ
Страна Российская Федерация
Организация NLR
Дата составления 20040622
830 ## - ОБЩЕЕ ПРИМЕЧАНИЕ, СОСТАВЛЕННОЕ КАТАЛОГИЗАТОРОМ
Текст примечания авт. по кн.
852 ## - МЕСТОНАХОЖДЕНИЕ И ШИФР ХРАНЕНИЯ
Идентификатор организации NLR
Шифр хранения (Call Number) 2004-4/9974
942 ## - ДОПОЛНИТЕЛЬНЫЕ ЭЛЕМЕНТЫ ЗАПИСИ (АБИС)
Тип экземпляра АБИС Книга

Нет доступных экземпляров.